000 01229cam a2200289 i 4500
003 SA-RiAUC
005 20260113115924.0
008 260112s2000 ts g f000u0 ara c
040 _aSA-JeALM
_bara
_cSA-RiAUC
_erda
050 0 0 _bI26. 2000
082 0 4 _a259
090 _a259
_bا ب ن س
100 1 _aابن سراج الأندلسي، محمد بن محمد،،
_dتوفي 848 هـجري
_eمؤلف.
245 1 0 _aفتاوى قاضي الجماعة أبي القاسم بن سراج الأندلسي (المتوفى سنة 848 هـ.) /
_cأبو القاسم بن سراج الأندلسي. تحقيق محمد أبو الأجفان .
250 _aالطبعة الثانية.
264 1 _aبيروت - لبنان :
_bدار ابن حزم ،
_c2006
300 _a292 صفحة.
_c24 سم.
336 _aنص
_btxt
_2rdacontent
_3كتاب
337 _aبدون وسيط
_bn
_2rdamedia
338 _aمجلد
_bnc
_2rdacarrier
490 1 _aفتاوى علماء غرناطة ؛
650 7 _aالفقه الإسلامي
_2aucsh
700 _aأبو الأجفان، محمد
_eمحقق .
830 2 _aفتاوى علماء غرناطة
942 _2ddc
_cBOOK
_n0
949 _aSA-JeALM
_d260112
_uosman123
_n1
999 _c14016
_d14016